000 00317 a2200157 4500
001 177225
020 _a
040 _cMagnum
100 _aKarnal, Leandro
240 1 0 _aOriente medio
_lpor
245 1 0 _aOriente medio
362 0 _a1899
440 1 _aScipione
697 _aMAGNITO: PARADIDATICO
942 _cBK
999 _c177225
_d177225